The Nehru development model : (Record no. 749092)

MARC details
000 -LEADER
fixed length control field 00373cam a22001215i 4500
020 ## - INTERNATIONAL STANDARD BOOK NUMBER
ISBN 9780143466567
082 ## - DEWEY DECIMAL CLASSIFICATION NUMBER
Classification number 330.954 PAN/N
100 ## - MAIN ENTRY--AUTHOR NAME
Personal name Panagariya, Arvind
245 04 - TITLE STATEMENT
Title The Nehru development model :
Sub Title history and its lasting impact /
Statement of responsibility, etc Arvind Panagariya.
260 ## - PUBLICATION, DISTRIBUTION, ETC. (IMPRINT)
Place of publication . - Haryana
Name of publisher : Penguin Random House India Ltd.
Year of publication , 2024
300 ## - PHYSICAL DESCRIPTION
Number of Pages 519 pages
942 ## - ADDED ENTRY ELEMENTS (KOHA)
Source of classification or shelving scheme Dewey Decimal Classification
Koha item type Book
Holdings
Withdrawn status Lost status Source of classification or shelving scheme Damaged status Not for loan Home Library Current Location Date acquired Full call number Accession Number Price effective from Koha item type
    Dewey Decimal Classification     Dept. of Political Science Dept. of Political Science 06/02/2025 330.954 PAN/N POL23729 27/05/2025 Book